000 01143nam0a22002771 4500
001 rc\970058
005 20250622062213.0
035 _a(NLR Aleph) 006139100
090 _a5642591
_c5642590
100 _a20041129d1982 |||y0rusy50 ca
101 0 _arus
102 _aRU
105 _aa |||||||||
200 1 _aТемпературные зависимости спектров комбинационного рассеяния на полносимметричных колебаниях в кристаллах кварца
_fГорелик В.С., Иванова С.В., Осипова Л.П.
210 _aМ.
_cБ. и.
_d1982
215 _a[1], 42 с.
_cил.
_d21
225 1 _aПрепринт
_fАН СССР, Физ. ин-т им. П.Н. Лебедева. Опт. лаб.
_v№ 58
_iОптика спектроскопия
320 _aБиблиогр.: с. 37-42
700 1 _aГорелик
_bВ.С.
_gВладимир Семенович
701 1 _aИванова
_bС.В.
701 1 _aОсипова
_bЛ.П.
801 0 _aRU
_bNLR
_gpsbo
801 1 _aRU
_bELAR
_2rusmarc
852 _aNLR
_j82-4/26860
942 _cBOOK
980 _aNB